Giải pháp nâng cao hiệu quả hoạt động các hợp tác xã nông nghiệp ở tỉnh Sóc Trăng : Luận văn tốt nghiệp cao học. Ngành phát triển nông thôn

Nội dung nghiên cứu: nghiên cứu nhằm khảo sát đánh giá tình hình hoạt động của các HTXNN để tìm ra những hạn chế khó khăn trong quá trình hoạt động đồng thời đề xuất một số giải pháp để nâng cao hiệu quả hoạt động của các HTXNN trên địa...

Cijeli opis

Spremljeno u:
Bibliografski detalji
Glavni autor: Nguyễn, Quốc Trí
Format: Knjiga
Jezik:Undetermined
Izdano: Cần Thơ Trường Đại học Cần Thơ 2015
Teme:
Oznake: Dodaj oznaku
Bez oznaka, Budi prvi tko označuje ovaj zapis!
Thư viện lưu trữ: Trung tâm Học liệu Trường Đại học Cần Thơ
LEADER 01301nam a2200217Ia 4500
001 CTU_198535
008 210402s9999 xx 000 0 und d
082 |a 334.6 
082 |b Tr300 
088 |a 60620116 
100 |a Nguyễn, Quốc Trí 
245 0 |a Giải pháp nâng cao hiệu quả hoạt động các hợp tác xã nông nghiệp ở tỉnh Sóc Trăng : 
245 0 |b Luận văn tốt nghiệp cao học. Ngành phát triển nông thôn 
245 0 |c Nguyễn Quốc Trí ; Dương Ngọc Thành (Người hướng dẫn) 
260 |a Cần Thơ 
260 |b Trường Đại học Cần Thơ 
260 |c 2015 
520 |a Nội dung nghiên cứu: nghiên cứu nhằm khảo sát đánh giá tình hình hoạt động của các HTXNN để tìm ra những hạn chế khó khăn trong quá trình hoạt động đồng thời đề xuất một số giải pháp để nâng cao hiệu quả hoạt động của các HTXNN trên địa bàn tỉnh Sóc Trăng. 
650 |a Hợp tác xã nông nghiệp,Agriculture, cooperative 
904 |i Phan Thông Thụy Quân (Tuyến) 
980 |a Trung tâm Học liệu Trường Đại học Cần Thơ